Normal view
MARC view
Entry Personal Name
001 - CONTROL NUMBER
- control field: 40541
003 - CONTROL NUMBER IDENTIFIER
- control field: ARRUPE
005 - DATE AND TIME OF LATEST TRANSACTION
- control field: 20180314082725.0
008 - FIXED-LENGTH DATA ELEMENTS
- fixed length control field: 180314|| aca||aabn | a|a d
040 ## - CATALOGING SOURCE
- Original cataloging agency: ARRUPE
- Transcribing agency: ARRUPE
100 ## - HEADING--PERSONAL NAME
- Personal name: Quiller-Couch, Arthur
670 ## - SOURCE DATA FOUND
- Source citation: Work cat.: (ARRUPE): Quiller-Couch, Arthur, On the art of writing, 1925